00358nam a22001217a 450000500170000000800410001704100080005808200080006610000580007424500670013226000290019930000080022820240807124134.0240807b |||||||| |||| 00| 0 eng d aeng bRAT aRathi Shubhra-2K201131 & Prof. Ranjana Gogate - Guide aAn Analytical Study of Investment Trends of Investors in India aPune bSPPU cMarch-2022 a60p